Analyzing English : an introduction to descriptive linguistics /

Bibliographic Details
Main Author: Jackson, Howard, 1900-1966
Format: Book
Language:English
Published: Oxford [Oxfordshire] ; New York : Pergamon Press, 1982.
Edition:2nd ed.
Series:Language courses.
Subjects:

MARC

Tag First Indicator Second Indicator Subfields
LEADER 00000pam a2200000 a 4500
001 in00000512821
005 20151013093009.0
008 820119s1982 enka 00110 eng
010 |a  81023534  
020 |a 0080286674 (pbk.) 
035 |a (OCoLC)08170895 
035 |9 ACG0832AM 
039 0 |a 2  |b 3  |c 3  |d 3  |e 3 
040 |a DLC  |c DLC  |d TXA  |d UtOrBLW 
049 |a TXAM  |c [1485667] 
050 0 0 |a PE1106  |b .J28 1982 
082 0 |a 420  |2 19 
100 1 |a Jackson, Howard,  |d 1900-1966. 
245 1 0 |a Analyzing English :  |b an introduction to descriptive linguistics /  |c Howard Jackson. 
250 |a 2nd ed. 
264 1 |a Oxford [Oxfordshire] ;  |a New York :  |b Pergamon Press,  |c 1982. 
300 |a x, 155 pages :  |b illustrations ;  |c 26 cm. 
336 |a text  |b txt  |2 rdacontent 
337 |a unmediated  |b n  |2 rdamedia 
338 |a volume  |b nc  |2 rdacarrier 
490 1 |a Language courses 
500 |a Includes index. 
650 0 |a English language  |x Grammar. 
830 0 |a Language courses. 
999 |a MARS 
999 f f |s e30ecaff-b8e0-3ca7-b1db-61caadd753d6  |i f10f3d5c-57d3-3cb3-8ad3-81305b7193c3  |t 0 
952 f f |p ric  |a Texas A&M University  |b Rellis Campus  |c Joint Library Facility  |s JLF  |d Remote Storage  |t 0  |e PE1106 .J28 1982  |h Library of Congress classification  |i unmediated -- volume  |m A14808087914 
998 f f |a PE1106 .J28 1982  |t 0  |l Remote Storage